[Event "Elit(Rockaden-Orgryte)"]
[Site "?"]
[Date "2010.10.09"]
[Round "2"]
[White "Hedman, Erik"]
[Black "Lauritzson, Peter"]
[Result "1-0"]
[WhiteElo "2442"]
[BlackElo "2170"]
[PlyCount "95"]

1. e4 c5 2. Nf3 Nc6 3. d4 cxd4 4. Nxd4 e5 5. Nb5 d6 6. c4 Be7 7. b3 Nf6 8. N1c3
a6 9. Na3 O-O 10. Nc2 Bg4 11. Qd2 Rc8 12. Bd3 Nd7 13. O-O Nc5 14. Ne3 Nxd3 15.
Qxd3 Be6 16. Ned5 f5 17. exf5 Bxf5 18. Ne4 b5 19. cxb5 axb5 20. a4 Nd4 21. axb5
Nxb5 22. Bb2 Bg5 23. Ra4 Nc7 24. Rc4 Ne6 25. Rxc8 Qxc8 26. Nef6+ Bxf6 27. Qxf5
Qe8 28. Qd3 Nc5 29. Qc4 Kh8 30. Bc1 e4 31. Be3 Nd3 32. f3 Be5 33. g3 Bxg3 34.
hxg3 Qg6 35. g4 exf3 36. Rxf3 Ra8 37. Ne7 Qe8 38. Qf7 Ne5 39. Qxe8+ Rxe8 40.
Rf1 Nxg4 41. Bd4 Ne5 42. Bxe5 dxe5 43. b4 h5 44. Nc6 Re6 45. b5 e4 46. Kf2 g5
47. Rb1 h4 48. b6 1-0

[Event "Elit(Rockaden-Orgryte)"]
[Site "?"]
[Date "2010.10.09"]
[Round "2"]
[White "Virolainen, Victor"]
[Black "Henriksson, Jakob"]
[Result "0-1"]
[WhiteElo "2169"]
[BlackElo "2315"]
[PlyCount "61"]
[EventDate "2010.??.??"]

1. d4 Nf6 2. c4 e6 3. Nc3 Bb4 4. a3 Bxc3+ 5. bxc3 c5 6. f3 d6 7. e4 Nc6 8. Be3
b6 9. Bd3 O-O 10. f4 e5 11. dxe5 dxe5 12. f5 Nxe4 13. Qc2 Nd6 14. O-O-O f6 15.
g4 Qe7 16. Nh3 Na5 17. Bf2 Kh8 18. Rhe1 Qf7 19. g5 Qh5 20. gxf6 gxf6 21. Ng1
Bxf5 22. Bxf5 Nxf5 23. Qd3 Qh6+ 24. Kb2 Qf4 25. Nh3 Qg4 26. Rg1 Qh5 27. Ng5
fxg5 28. Qe4 Rae8 29. Rdf1 Nd6 30. Qd5 Qe2+ 31. Kb1 0-1

[Event "Elit(Rockaden-Kamraterna)"]
[Site "?"]
[Date "2010.10.10"]
[Round "3"]
[White "Hedman, Erik"]
[Black "Akbarinia, Arash"]
[Result "0-1"]
[WhiteElo "2442"]
[BlackElo "2300"]
[PlyCount "86"]

1. e4 c5 2. Nf3 e6 3. b3 d5 4. exd5 exd5 5. Bb5+ Bd7 6. Bxd7+ Qxd7 7. O-O Be7
8. Re1 Nf6 9. d4 O-O 10. Ne5 Qc7 11. Bf4 Qd8 12. Nc3 cxd4 13. Qxd4 Nc6 14. Nxc6
bxc6 15. Rad1 h6 16. Qa4 Bd6 17. Ne2 Bxf4 18. Qxf4 Qa5 19. a4 Rfe8 20. Qd2 Qxd2
21. Rxd2 Re5 22. f3 Rae8 23. Kf2 c5 24. Rdd1 Kf8 25. c3 Rb8 26. Rb1 Re6 27. b4
Reb6 28. b5 a6 29. c4 dxc4 30. Nc3 axb5 31. axb5 Rd6 32. Ra1 Rd3 33. Ne4 Nxe4+
34. Rxe4 c3 35. Ra5 Rd2+ 36. Ke3 Rxg2 37. h4 c2 38. Rc4 Re8+ 39. Kd3 Rd8+ 40.
Ke3 Rd1 41. Ra2 c1=Q+ 42. Rxc1 Rxc1 43. Rxg2 Rb1 0-1

[Event "Elit(Rockaden-Kamraterna)"]
[Site "?"]
[Date "2010.10.10"]
[Round "3"]
[White "Svenn, Matti"]
[Black "Engqvist, Thomas"]
[Result "1/2-1/2"]
[WhiteElo "2253"]
[BlackElo "2452"]
[PlyCount "104"]

1. e4 c6 2. d4 d5 3. Nc3 dxe4 4. Nxe4 Bf5 5. Nc5 Qb6 6. Nf3 e6 7. Nd3 Nf6 8.
Be2 Nbd7 9. O-O Be7 10. Be3 Qc7 11. c3 O-O 12. Bf4 Qb6 13. Qb3 Rac8 14. Rfd1
Nd5 15. Bg3 Rfd8 16. h3 c5 17. Qxb6 N5xb6 18. dxc5 Nxc5 19. Nxc5 Bxc5 20. Rxd8+
Rxd8 21. Rd1 Rxd1+ 22. Bxd1 Nc4 23. b4 Bb6 24. Ne5 Nxe5 25. Bxe5 f6 26. Bd6 Be4
27. Bb3 Kf7 28. Kf1 a5 29. a3 axb4 30. axb4 Ba7 31. Bc4 Bd5 32. Bd3 e5 33. c4
Be6 34. c5 Bd5 35. f3 g6 36. Be4 Ke6 37. Ke2 f5 38. Bxd5+ Kxd5 39. Kd3 b6 40.
cxb6 Bxb6 41. Bf8 Bd4 42. Be7 h5 43. Bf8 e4+ 44. fxe4+ fxe4+ 45. Ke2 Kc4 46.
Be7 Bg1 47. Bf8 Bb6 48. Be7 Kd5 49. Bf8 Kc6 50. Be7 Kb5 51. Bf8 Bd4 52. Be7 Kc4
1/2-1/2

[Event "Elit(Rockaden-Kamraterna)"]
[Site "?"]
[Date "2010.10.10"]
[Round "3"]
[White "Hermansson, Emil"]
[Black "Borvander, Tom"]
[Result "1-0"]
[WhiteElo "2458"]
[BlackElo "2222"]
[PlyCount "57"]

1. e4 e5 2. Nf3 Nc6 3. Bb5 a6 4. Ba4 Nf6 5. O-O b5 6. Bb3 Bc5 7. a4 Rb8 8. c3
d6 9. d4 Bb6 10. Na3 O-O 11. axb5 axb5 12. Nxb5 exd4 13. cxd4 Bg4 14. Ra3 Qd7
15. Re1 Rfe8 16. Bc2 Nb4 17. Ba4 Qe7 18. h3 Bh5 19. Bd2 c5 20. Bf4 Red8 21.
Bxd6 Rxd6 22. Nxd6 cxd4 23. e5 Nfd5 24. Nf5 Qb7 25. N5xd4 Bc5 26. e6 Qb6 27.
Re5 Bxf3 28. exf7+ Kxf7 29. Rxf3+ 1-0

[Event "Elit(Rockaden-Kamraterna)"]
[Site "?"]
[Date "2010.10.10"]
[Round "3"]
[White "Martensson, Ulf"]
[Black "Henriksson, Jakob"]
[Result "0-1"]
[WhiteElo "2104"]
[BlackElo "2315"]
[PlyCount "60"]
[EventDate "2010.??.??"]

1. d4 Nf6 2. Nf3 e6 3. Nbd2 d5 4. e3 c5 5. c3 Nc6 6. Bd3 Bd6 7. O-O O-O 8. dxc5
Bxc5 9. e4 e5 10. exd5 Qxd5 11. Qe2 Bg4 12. Ne4 Nxe4 13. Bxe4 Qe6 14. h3 Bf5
15. Bxf5 Qxf5 16. b4 Bd6 17. Qb5 Rab8 18. Be3 a6 19. Qe2 e4 20. Nd4 Qe5 21. g3
Nxd4 22. Bxd4 Qe7 23. Rfe1 Rbe8 24. Rab1 f5 25. Qc4+ Kh8 26. Bc5 f4 27. Bxd6
Qxd6 28. Rxe4 fxg3 29. f3 Rxe4 30. Qxe4 Qd2 0-1

[Event "Elit(Rockaden-Kamraterna)"]
[Site "?"]
[Date "2010.10.10"]
[Round "3"]
[White "Lejlic, Samir"]
[Black "Nyberg, Ulf"]
[Result "1-0"]
[WhiteElo "2346"]
[BlackElo "2109"]
[PlyCount "129"]

1. e4 c5 2. Nf3 a6 3. c4 Nc6 4. Nc3 e5 5. a3 d6 6. Rb1 g6 7. b4 Bg7 8. bxc5
dxc5 9. Na4 Qd6 10. Nb6 Rb8 11. Nxc8 Rxc8 12. Rxb7 Nf6 13. d3 O-O 14. Be2 Rb8
15. Rxb8 Rxb8 16. Qa4 Nd8 17. O-O Ne6 18. g3 Nd7 19. Re1 h5 20. Bd2 Kh7 21. Bc3
Bh6 22. Qc2 f6 23. Rb1 Rb6 24. Ba5 Rxb1+ 25. Qxb1 Qb8 26. Qc2 Qb7 27. Bf1 Kg7
28. Bh3 Kf7 29. Bd2 Bf8 30. Bxe6+ Kxe6 31. Be3 Nb8 32. Nd2 Nc6 33. Qa4 Kf7 34.
Nb3 Qb6 35. f4 Be7 36. Kf2 Kg7 37. Ke1 Kf7 38. Kd1 Bd6 39. Kc2 Ke7 40. fxe5
fxe5 41. Bd2 Bc7 42. Bg5+ Kf8 43. Be3 Bd6 44. Nd2 Kg7 45. Kc1 Be7 46. Nb1 Nd4
47. Qd7 Qd6 48. Qb7 Qf6 49. Nd2 g5 50. Kb2 g4 51. Bxd4 exd4 52. Kb3 Kg6 53. Qd5
Bd6 54. Qg8+ Kh6 55. Ka4 Bc7 56. Qd5 Qe7 57. Qc6+ Kg5 58. e5 Bxe5 59. Ne4+ Kf5
60. Nxc5 h4 61. Qc8+ Kg5 62. Ne4+ Kh6 63. Qxg4 hxg3 64. hxg3 Qe8+ 65. Kb3 1-0

[Event "Elit(Manhem-Team Viking)"]
[Site "?"]
[Date "2010.10.10"]
[Round "3"]
[White "Agrest, Evgenij"]
[Black "Hultin, Johan"]
[Result "1-0"]
[WhiteElo "2697"]
[BlackElo "2381"]
[PlyCount "109"]

1. c4 Nf6 2. Nf3 c5 3. g3 g6 4. Bg2 Bg7 5. d4 cxd4 6. Nxd4 O-O 7. Nc2 Nc6 8.
O-O d6 9. Nc3 Be6 10. b3 Qd7 11. Re1 Rad8 12. e4 Bh3 13. Qd2 Bxg2 14. Kxg2 Ne8
15. Bb2 Nc7 16. Rad1 b5 17. Ne3 bxc4 18. Nxc4 Ne5 19. Ne3 Ng4 20. Ned5 Nf6 21.
Nb4 e6 22. f3 Qc8 23. Na4 Qb7 24. Rc1 Na6 25. Nc6 Rd7 26. Qe2 Nb8 27. Na5 Qa6
28. b4 Qxe2+ 29. Rxe2 Rfd8 30. b5 Ne8 31. Rec2 Bxb2 32. Nxb2 Kf8 33. Nd3 f5 34.
Nf4 Kf7 35. exf5 gxf5 36. a4 Nf6 37. Rc8 e5 38. Nh3 Nd5 39. Ng5+ Kf6 40. Nxh7+
Kg7 41. Ng5 Kg6 42. h4 Nb6 43. Rxd8 Rxd8 44. g4 Rc8 45. Rxc8 Nxc8 46. gxf5+
Kxf5 47. Ne4 d5 48. Nc5 Ne7 49. Kg3 e4 50. Nab3 Ke5 51. f4+ Kf6 52. Nd4 Nf5+
53. Nxf5 Kxf5 54. h5 d4 55. Kf2 1-0

[Event "Elit(Manhem-Team Viking)"]
[Site "?"]
[Date "2010.10.10"]
[Round "3"]
[White "Kinnmark, Ove"]
[Black "Cramling, Dan"]
[Result "1/2-1/2"]
[WhiteElo "2239"]
[BlackElo "2419"]
[PlyCount "36"]

1. e4 d6 2. d4 Nf6 3. Nc3 g6 4. g3 Bg7 5. Bg2 O-O 6. Nge2 Nbd7 7. O-O c5 8. h3
Rb8 9. dxc5 Nxc5 10. Nd4 Ne6 11. Be3 Nxd4 12. Bxd4 Qa5 13. a3 Be6 14. Re1 Rfd8
15. Nd5 Bxd5 16. exd5 Re8 17. c4 Rbc8 18. b4 Qc7 1/2-1/2

[Event "Elit(Manhem-Team Viking)"]
[Site "?"]
[Date "2010.10.10"]
[Round "3"]
[White "Bergstrom, Peter"]
[Black "Moberg, Karl Johan"]
[Result "1/2-1/2"]
[WhiteElo "2339"]
[BlackElo "2317"]
[PlyCount "65"]

1. e4 e5 2. Nf3 Nc6 3. d4 exd4 4. Nxd4 Nf6 5. Nxc6 bxc6 6. e5 Qe7 7. Qe2 Nd5 8.
c4 Nb6 9. b3 a5 10. Bb2 a4 11. Nd2 axb3 12. axb3 Rxa1+ 13. Bxa1 Qa3 14. Qd1 Bb4
15. Bd3 Qa5 16. Ke2 d6 17. Qc2 dxe5 18. Nf3 Bg4 19. h3 Bxf3+ 20. gxf3 Nd7 21.
Bb2 Qc5 22. Bxh7 Nf6 23. Bd3 Nh5 24. Bc1 Nf4+ 25. Bxf4 exf4 26. Kf1 O-O 27. Qe2
Qd4 28. Qe4 Qxe4 29. Bxe4 Rd8 30. Kg2 Rd2 31. Rc1 Bc5 32. Rc2 Rxc2 33. Bxc2
1/2-1/2

[Event "Elit(Manhem-Team Viking)"]
[Site "?"]
[Date "2010.10.10"]
[Round "3"]
[White "Outgajjouft, Said"]
[Black "Agrest, Inna"]
[Result "1/2-1/2"]
[WhiteElo "2111"]
[BlackElo "2372"]
[PlyCount "129"]

1. e4 e5 2. Nf3 Nc6 3. d4 exd4 4. Bc4 Nf6 5. e5 d5 6. Bb5 Ne4 7. Nxd4 Bd7 8.
Bxc6 bxc6 9. O-O Bc5 10. f3 Ng5 11. f4 Ne4 12. Be3 O-O 13. Nd2 Nxd2 14. Qxd2
Bb6 15. Nb3 Qe7 16. Qc3 Rfe8 17. Nc5 Bf5 18. Bd4 Qh4 19. Rae1 Bxc5 20. Bxc5 Re6
21. Re3 Rh6 22. h3 Rg6 23. Rf2 a6 24. g4 Rd8 25. Kf1 d4 26. Bxd4 c5 27. Qxc5
Bxg4 28. hxg4 Qh1+ 29. Ke2 Rc6 30. Rh3 Qe4+ 31. Re3 Qg6 32. Qe7 Qxc2+ 33. Kf3
Qd1+ 34. Kg3 Qxd4 35. Ref3 Rg6 36. Qxc7 h5 37. g5 Rd7 38. Qc2 Rd8 39. Kh4 Re6
40. Kxh5 Rxe5 41. Qc3 g6+ 42. Kh4 f5 43. Kg3 Re4 44. Qxd4 Rdxd4 45. Rc3 Rd1 46.
Kg2 Rdd4 47. Rc8+ Kf7 48. Rc7+ Re7 49. Rxe7+ Kxe7 50. Kf3 Kd6 51. Rh2 Re4 52.
Rh7 Re6 53. Rf7 Kd5 54. b3 Rc6 55. Rd7+ Ke6 56. Rd3 Rc2 57. a3 Rh2 58. Ke3 Rh1
59. Kd2 Rf1 60. Rd4 Rf3 61. Kc2 a5 62. Kb2 Re3 63. Kc2 Rf3 64. Kb2 Re3 65. Kc2
1/2-1/2

[Event "Elit(Orgryte-Upsala)"]
[Site "?"]
[Date "2010.10.10"]
[Round "3"]
[White "Ziegler, Ari"]
[Black "Burwick, Malte"]
[Result "1/2-1/2"]
[WhiteElo "2408"]
[BlackElo "2264"]
[PlyCount "93"]

1. d4 Nf6 2. c4 e6 3. Nc3 Bb4 4. e3 O-O 5. Nf3 b6 6. Bd3 Bb7 7. O-O d5 8. a3
Be7 9. cxd5 exd5 10. Ne5 Nbd7 11. f4 Ne4 12. Qf3 Ndf6 13. g4 Nd6 14. Bc2 Nfe4
15. Bb3 c6 16. Rd1 Qc8 17. Bd2 Kh8 18. Rac1 Qe8 19. Be1 Rd8 20. Ne2 f6 21. Nd3
f5 22. g5 Nc4 23. Bb4 Bxb4 24. Bxc4 dxc4 25. Nxb4 a5 26. Nc2 c5 27. Qh3 Qe6 28.
Ne1 Nd6 29. Nc3 Rfe8 30. d5 Qxe3+ 31. Qxe3 Rxe3 32. Kf2 Rh3 33. Kg2 Re3 34. Kf2
Rde8 35. Nf3 b5 36. Ne5 Rh3 37. Kg2 Re3 38. Kf2 Rh3 39. Re1 Kg8 40. Kg2 Rxc3
41. bxc3 Bxd5+ 42. Kf1 Ne4 43. Red1 Be6 44. Nc6 Ra8 45. Nd8 Bc8 46. Nc6 Be6 47.
Nd8 1/2-1/2

[Event "Elit(Orgryte-Upsala)"]
[Site "?"]
[Date "2010.10.10"]
[Round "3"]
[White "Marttala, Thomas"]
[Black "Virolainen, Victor"]
[Result "0-1"]
[WhiteElo "2300"]
[BlackElo "2169"]
[PlyCount "78"]

1. e4 e6 2. d4 d5 3. Nc3 Bb4 4. e5 c5 5. a3 Bxc3+ 6. bxc3 Ne7 7. Nf3 b6 8. a4
Qc7 9. Qd2 Nbc6 10. Be2 Bd7 11. Ba3 h6 12. h4 h5 13. O-O Nf5 14. Rfe1 c4 15.
Qg5 Qd8 16. Qf4 Nce7 17. g3 Ng6 18. Qc1 Bxa4 19. Bf1 Bc6 20. Bh3 Nh6 21. Ng5
Qd7 22. Qd1 O-O-O 23. Qc1 Ne7 24. Bd6 Nef5 25. Qa3 a5 26. Bc5 Qc7 27. Reb1 bxc5
28. Qxc5 a4 29. Rb6 Kd7 30. Bxf5 Nxf5 31. Nxf7 Rb8 32. Ra6 Ra8 33. Nxh8 Rxa6
34. Ng6 Ra5 35. Qf8 Qd8 36. Qf7+ Kc8 37. Qxe6+ Bd7 38. Qf7 Qe8 39. e6 Qxe6 0-1

[Event "Elit(Orgryte-Upsala)"]
[Site "?"]
[Date "2010.10.10"]
[Round "3"]
[White "Svensson, Mans"]
[Black "Eksmyr, Johan"]
[Result "0-1"]
[WhiteElo "2250"]
[BlackElo "2165"]
[PlyCount "56"]
[EventDate "2010.??.??"]

1. d4 Nf6 2. c4 g6 3. f3 d5 4. cxd5 Nxd5 5. e4 Nb6 6. Nc3 Bg7 7. Be3 O-O 8. Qd2
Nc6 9. O-O-O a6 10. Kb1 Qd6 11. b3 Rd8 12. Nge2 Qb4 13. Qd3 Na5 14. Qc2 Nbc4
15. Bc1 c5 16. Nf4 cxd4 17. Bxc4 Nxc4 18. Ncd5 Na3+ 19. Bxa3 Qxa3 20. Qc7 Rd7
21. Qc4 Qd6 22. Qb4 e6 23. Qxd6 Rxd6 24. Nb4 a5 25. Nbd3 b6 26. Rc1 Ba6 27. e5
Rd7 28. Rc6 g5 0-1

[Event "Elit(Orgryte-Upsala)"]
[Site "?"]
[Date "2010.10.10"]
[Round "3"]
[White "Lauritzson, Peter"]
[Black "Lindberg, Henrik"]
[Result "1-0"]
[WhiteElo "2170"]
[BlackElo "2240"]
[PlyCount "69"]
[SourceDate "2010.10.17"]

1. Nf3 c5 2. g3 Nc6 3. d4 e6 4. Bg2 Nf6 5. O-O d5 6. c4 cxd4 7. Nxd4 Be7 8. Nc3
O-O 9. cxd5 exd5 10. h3 Re8 11. Be3 Bd6 12. Qd2 Ne5 13. Bg5 Nc4 14. Qc2 Nb6 15.
Rfd1 h6 16. Bxf6 Qxf6 17. e4 Be5 18. Nde2 dxe4 19. Nxe4 Qe7 20. f4 Bf6 21. g4
Bd7 22. N2g3 Rac8 23. Qd3 Bxb2 24. Rab1 Qb4 25. Qe2 Bd4+ 26. Kh1 Qa4 27. Qd3
Rc4 28. g5 Bc6 29. Nf5 Bxe4 30. Bxe4 Bc5 31. Bxb7 Rxf4 32. gxh6 g6 33. Qc3 Bd4
34. Nxd4 Rf2 35. Nf3 1-0

[Event "Elit(Farsta-Limhamn)"]
[Site "?"]
[Date "2010.10.10"]
[Round "3"]
[White "Livner, Anders"]
[Black "Helgason, Reynir"]
[Result "1-0"]
[WhiteElo "2392"]
[BlackElo "2398"]
[PlyCount "165"]

1. d4 d5 2. c4 e6 3. Nc3 Be7 4. Nf3 Nf6 5. Qc2 O-O 6. Bg5 Nbd7 7. cxd5 exd5 8.
e3 c6 9. Bd3 Re8 10. O-O Nf8 11. h3 Be6 12. Rfc1 Rc8 13. a3 N6d7 14. Bf4 Nb6
15. Na4 Nxa4 16. Qxa4 Qb6 17. b4 Red8 18. Rc3 Bd6 19. Bxd6 Rxd6 20. Qc2 Re8 21.
Rb1 Bd7 22. Ne5 a6 23. a4 Be6 24. b5 cxb5 25. axb5 a5 26. Rc7 f6 27. Nf3 Bf7
28. Ra1 Bg6 29. Bxg6 Nxg6 30. Qc5 Ra8 31. Rb1 Nf8 32. Rxb7 Qxb7 33. Qxd6 a4 34.
Qa3 Ra5 35. Qb4 Qb6 36. Ra1 Rxb5 37. Qxa4 Rb1+ 38. Rxb1 Qxb1+ 39. Kh2 Qb8+ 40.
g3 Qc8 41. Ne1 h5 42. Qc2 Qxc2 43. Nxc2 Kf7 44. Nb4 Ke6 45. Nd3 g5 46. Kg2 Kf5
47. Nc5 g4 48. h4 Kg6 49. Nd3 Ne6 50. Kf1 Kf7 51. Ke2 Ke7 52. Kd2 Kd6 53. Kc3
Kc6 54. Kb4 Kb6 55. Ka4 f5 56. Kb4 Kc6 57. Ka5 Nd8 58. Nf4 Nb7+ 59. Kb4 Nd6 60.
Nxh5 Ne4 61. Ng7 Kd7 62. h5 Ke7 63. h6 Kf6 64. Nxf5 Kg6 65. Ne7+ Kxh6 66. Nxd5
Nxf2 67. Nc3 Kg6 68. Kc5 Kf6 69. Kd5 Nh1 70. Ne2 Nf2 71. e4 Nd1 72. e5+ Kf5 73.
e6 Ne3+ 74. Kd6 Kf6 75. d5 Nf5+ 76. Kd7 Ke5 77. e7 Nxe7 78. Kxe7 Kxd5 79. Kf6
Ke4 80. Kg5 Kf3 81. Kh4 Kxe2 82. Kxg4 Ke3 83. Kf5 1-0

[Event "Elit(Farsta-Limhamn)"]
[Site "?"]
[Date "2010.10.10"]
[Round "3"]
[White "Schneider, Stefan"]
[Black "Hjelm, Niclas"]
[Result "1-0"]
[WhiteElo "2440"]
[BlackElo "2371"]
[PlyCount "61"]

1. d4 d5 2. Bg5 h6 3. Bh4 c6 4. e3 Qb6 5. Qc1 e5 6. Nf3 exd4 7. exd4 Be7 8.
Bxe7 Nxe7 9. Bd3 Bg4 10. Nbd2 Nd7 11. O-O O-O 12. Re1 Rae8 13. c3 Bh5 14. Qc2
Bg6 15. b4 Bxd3 16. Qxd3 Ng6 17. Qf5 Qc7 18. g3 Ne7 19. Qd3 Nc8 20. a4 a6 21.
Kg2 Qd6 22. Nb3 Ncb6 23. Nc5 Qc7 24. Nh4 Nc4 25. Nf5 Nf6 26. Qf3 Kh7 27. a5 Qc8
28. Qf4 g5 29. Qf3 Nd2 30. Qd3 Nde4 31. Nd6 1-0

[Event "Elit(Farsta-Limhamn)"]
[Site "?"]
[Date "2010.10.10"]
[Round "3"]
[White "Lissang, Christopher"]
[Black "Penalver, Osmani"]
[Result "1/2-1/2"]
[WhiteElo "2302"]
[BlackElo "2317"]
[PlyCount "105"]

1. d4 Nf6 2. Nf3 e6 3. c4 b6 4. g3 Ba6 5. Qc2 Bb4+ 6. Nbd2 Bb7 7. Bg2 Be4 8.
Qb3 Qe7 9. O-O Bxd2 10. Bxd2 O-O 11. Rfd1 d6 12. Qe3 Nbd7 13. Bc3 Rfe8 14. Bh3
Bb7 15. b3 d5 16. Ne5 Nxe5 17. dxe5 Ne4 18. Bb2 dxc4 19. bxc4 Qb4 20. Qb3 a5
21. Ba3 Qxb3 22. axb3 Rad8 23. Be7 Rc8 24. Ba3 Rcd8 25. Bg2 Rxd1+ 26. Rxd1 Nc3
27. Rd3 Nxe2+ 28. Kf1 Bxg2+ 29. Kxg2 c5 30. Bb2 Nd4 31. Bxd4 Rd8 32. Kf3 g5 33.
Ke4 cxd4 34. Rxd4 Rb8 35. Rd6 Kg7 36. f4 gxf4 37. gxf4 Rb7 38. f5 exf5+ 39.
Kxf5 b5 40. c5 a4 41. bxa4 bxa4 42. Ra6 Rc7 43. c6 a3 44. h4 a2 45. h5 a1=Q 46.
Rxa1 Rxc6 47. Rg1+ Kh6 48. Rd1 Rc2 49. Rf1 Rc6 50. Rf3 Ra6 51. Rd3 Ra1 52. Rf3
Ra6 53. Rd3 1/2-1/2

[Event "Elit(Farsta-Limhamn)"]
[Site "?"]
[Date "2010.10.10"]
[Round "3"]
[White "Holst, Conny"]
[Black "Ong, Kezli"]
[Result "0-1"]
[WhiteElo "2256"]
[BlackElo "2319"]
[PlyCount "78"]

1. d4 Nf6 2. c4 e6 3. Nc3 Bb4 4. e3 b6 5. Bd3 Bb7 6. Nf3 Ne4 7. O-O f5 8. d5
Bxc3 9. bxc3 Nc5 10. e4 fxe4 11. Bg5 Qc8 12. Bc2 O-O 13. Nd2 exd5 14. Be7 dxc4
15. Bxf8 Qxf8 16. Nxc4 d6 17. Ne3 Qf7 18. Bb3 Nxb3 19. axb3 Nd7 20. c4 Nc5 21.
b4 Nd3 22. f3 Qg6 23. Nd5 Bxd5 24. cxd5 e3 25. Qc2 Re8 26. Ra3 Nxb4 27. Qxc7 e2
28. Re1 Nc2 29. Qc3 Nxe1 30. Qxe1 Qc2 31. Ra1 Qc5+ 32. Kh1 Qxd5 33. h3 Qd3 34.
Kh2 a5 35. Rc1 Qe3 36. Rc7 Qe5+ 37. Kh1 d5 38. Rb7 d4 39. f4 Qe3 0-1

[Event "Elit(Farsta-Limhamn)"]
[Site "?"]
[Date "2010.10.10"]
[Round "3"]
[White "Tadjerbashi, Amir"]
[Black "Wieweg, Johnny"]
[Result "1/2-1/2"]
[WhiteElo "2228"]
[BlackElo "2224"]
[PlyCount "110"]

1. e4 e5 2. Nf3 Nc6 3. d4 exd4 4. Bc4 Nf6 5. e5 Ng4 6. Qe2 Bb4+ 7. c3 dxc3 8.
bxc3 Bc5 9. Bxf7+ Kf8 10. Bb3 Qe8 11. Ba3 Bxa3 12. Nxa3 Ncxe5 13. O-O d6 14.
Rae1 Bf5 15. Nxe5 Qxe5 16. Qxe5 Nxe5 17. Re3 g6 18. h3 h5 19. f4 Nc6 20. Rfe1
Rh7 21. Bd5 Rb8 22. Nb5 a6 23. Bxc6 bxc6 24. Nd4 Bd7 25. Nf3 Re8 26. Rxe8+ Bxe8
27. Kf2 Re7 28. Rb1 Re4 29. Rb4 Rxb4 30. cxb4 Bf7 31. a3 Bd5 32. Ng5 Ke7 33. g4
hxg4 34. hxg4 c5 35. bxc5 dxc5 36. Ke3 Kd6 37. Kd3 c4+ 38. Kd4 c5+ 39. Kc3 a5
40. Kb2 Bc6 41. Kc3 Bd5 42. f5 gxf5 43. gxf5 Ke5 44. f6 Kxf6 45. Ne4+ Bxe4 46.
Kxc4 Ke5 47. Kxc5 a4 48. Kb4 Bc6 49. Kc3 Ke4 50. Kb2 Kd3 51. Ka1 Kc3 52. Ka2
Bd5+ 53. Ka1 Kb3 54. Kb1 Kxa3 55. Ka1 Be4 1/2-1/2

[Event "Elit(Farsta-Limhamn)"]
[Site "?"]
[Date "2010.10.10"]
[Round "3"]
[White "Hanninger, Simon"]
[Black "Nylen, Anders"]
[Result "1/2-1/2"]
[WhiteElo "2265"]
[BlackElo "2210"]
[PlyCount "69"]

1. e4 c5 2. Nc3 d6 3. g3 Nc6 4. Bg2 g6 5. d3 Bg7 6. Be3 e6 7. Qd2 Qa5 8. Nge2
Bd7 9. O-O Nd4 10. Rab1 Ne7 11. a3 Nec6 12. b4 Qxa3 13. Bxd4 Nxd4 14. Nxd4 cxd4
15. Ne2 Qa6 16. f4 O-O 17. g4 f5 18. exf5 gxf5 19. gxf5 Rxf5 20. Ng3 Rff8 21.
f5 Rae8 22. b5 Qb6 23. Nh5 Qd8 24. fxe6 Bxe6 25. Nxg7 Kxg7 26. Bxb7 Kh8 27. Bg2
Qh4 28. Rxf8+ Rxf8 29. Qe1 Qxe1+ 30. Rxe1 Bd7 31. Ra1 Bxb5 32. Rxa7 Rc8 33. Rb7
Ba4 34. Rb4 Bxc2 35. Rxd4 1/2-1/2

[Event "Elit(LASK-Vasteras)"]
[Site "?"]
[Date "2010.10.10"]
[Round "3"]
[White "Sjodahl, Pontus"]
[Black "Grandelius, Nils"]
[Result "1/2-1/2"]
[WhiteElo "2476"]
[BlackElo "2589"]
[PlyCount "85"]

1. d4 Nf6 2. c4 g6 3. Nc3 Bg7 4. e4 d6 5. f3 O-O 6. Be3 a6 7. Qd2 Nbd7 8. Nh3
c5 9. d5 b5 10. cxb5 Qa5 11. Nf2 Nb6 12. Nfd1 e6 13. dxe6 Bxe6 14. bxa6 Rfd8
15. Nb5 Qxd2+ 16. Bxd2 Bc4 17. a7 Rd7 18. Ba5 Bxf1 19. Rxf1 Nc8 20. Bc3 Nxa7
21. Nxa7 Rdxa7 22. a3 d5 23. Bxf6 Bxf6 24. exd5 Rd7 25. Rf2 Rxd5 26. Re2 Rd3
27. Rc1 Bd4 28. Rcc2 Rb8 29. Nf2 Rdb3 30. Nd1 Rd3 31. Red2 Rdb3 32. Nc3 Bxc3
33. Rxc3 Rxb2 34. Rxc5 Rb1+ 35. Kf2 Ra1 36. Rc3 Ra8 37. Rdd3 Ra2+ 38. Kg3 Kg7
39. h4 h5 40. f4 Ra4 41. Kf3 Kf6 42. g3 Kg7 43. Ke3 1/2-1/2

[Event "Elit(LASK-Vasteras)"]
[Site "?"]
[Date "2010.10.10"]
[Round "3"]
[White "Smith, Axel"]
[Black "Akesson, Ralf"]
[Result "1/2-1/2"]
[WhiteElo "2521"]
[BlackElo "2461"]
[PlyCount "63"]

1. d4 Nf6 2. c4 e6 3. Nf3 b6 4. g3 Bb7 5. Bg2 Be7 6. O-O O-O 7. d5 exd5 8. Nh4
c6 9. cxd5 Nxd5 10. Nf5 Nc7 11. e4 d5 12. Nc3 Nba6 13. Bf4 Re8 14. Qg4 g6 15.
exd5 Nxd5 16. Nxd5 cxd5 17. Rad1 Bf8 18. Ne3 Nc7 19. Rd2 Rc8 20. Rfd1 Bg7 21.
Nxd5 Nxd5 22. Bxd5 Bxd5 23. Rxd5 Qf6 24. R5d2 h5 25. Qd7 a5 26. h4 Bf8 27. Be3
Bb4 28. Rd4 Bc5 29. Rf4 Qe7 30. Bxc5 Rxc5 31. Rf6 Qxf6 32. Qxe8+ 1/2-1/2

[Event "Elit(LASK-Vasteras)"]
[Site "?"]
[Date "2010.10.10"]
[Round "3"]
[White "Nilsson, Andre"]
[Black "Nilsson, Sebastian"]
[Result "1/2-1/2"]
[WhiteElo "2307"]
[BlackElo "2401"]
[PlyCount "29"]

1. g3 d5 2. Bg2 c6 3. d3 Bg4 4. Nd2 Nd7 5. Ngf3 Ngf6 6. O-O e5 7. c4 Bd6 8. h3
Bh5 9. g4 Bg6 10. Nh4 O-O 11. Nxg6 hxg6 12. cxd5 cxd5 13. e4 d4 14. f4 b5 15.
f5 1/2-1/2

[Event "Elit(LASK-Vasteras)"]
[Site "?"]
[Date "2010.10.10"]
[Round "3"]
[White "Lund, Silas"]
[Black "Sandberg, Richard"]
[Result "1/2-1/2"]
[WhiteElo "2455"]
[BlackElo "2248"]
[PlyCount "93"]

1. d4 d6 2. e4 Nf6 3. f3 e5 4. dxe5 dxe5 5. Qxd8+ Kxd8 6. Bc4 Ke8 7. Be3 Nbd7
8. Nc3 c6 9. Nge2 Bc5 10. Kf2 Ke7 11. Rhd1 Bxe3+ 12. Kxe3 Nb6 13. Bb3 Be6 14.
Nc1 Rad8 15. Nd3 Nfd7 16. Rd2 Bc4 17. g3 Bxd3 18. cxd3 Nc5 19. f4 f6 20. Ne2
Rd7 21. Rc1 Nxb3 22. axb3 Rhd8 23. Ng1 Rd6 24. Nf3 Nd7 25. b4 a6 26. Nh4 g6 27.
Nf3 Re8 28. h4 Kd8 29. fxe5 Nxe5 30. Nxe5 Rxe5 31. Rc5 Rde6 32. Rf2 Ke7 33.
Rfc2 f5 34. Rxe5 Rxe5 35. Rc5 Re6 36. Kf4 fxe4 37. dxe4 Rf6+ 38. Ke3 Ke6 39.
Rc1 Ke5 40. Rc5+ Ke6 41. Rc1 h6 42. g4 Rf7 43. g5 hxg5 44. hxg5 Rh7 45. Kd4
Rd7+ 46. Ke3 Rh7 47. Kd4 1/2-1/2

[Event "Elit(LASK-Vasteras)"]
[Site "?"]
[Date "2010.10.10"]
[Round "3"]
[White "Janse, Love"]
[Black "Gajic, Mladen"]
[Result "0-1"]
[WhiteElo "2219"]
[BlackElo "2357"]
[PlyCount "90"]

1. e4 Nf6 2. Nc3 d5 3. e5 Nfd7 4. f4 e6 5. Nf3 c5 6. g3 Nc6 7. Bg2 Be7 8. O-O
O-O 9. d3 Rb8 10. a4 a6 11. Kh1 b5 12. axb5 axb5 13. d4 cxd4 14. Ne2 Qb6 15.
Nexd4 b4 16. Nxc6 Qxc6 17. Nd4 Qb6 18. Be3 Bc5 19. Qd3 Bb7 20. Ra2 f6 21. exf6
Nxf6 22. Re1 Rbe8 23. Nf3 Ng4 24. Bxc5 Qxc5 25. Qd4 Qxc2 26. Ra7 Rf7 27. Qxb4
Nf2+ 28. Kg1 Nd3 29. Qb5 Qf2+ 30. Kh1 Nxe1 31. Qxe8+ Rf8 32. Qxe6+ Kh8 33. Qxe1
Qxa7 34. Ng5 h6 35. Ne6 Re8 36. f5 d4 37. h4 Qa8 38. Bxb7 Qxb7+ 39. Kg1 Qd5 40.
Qd2 Qe4 41. b4 Qb1+ 42. Kg2 Qxf5 43. Nxd4 Qd5+ 44. Kf2 Rd8 45. Ke3 Qe5+ 0-1

[Event "Elit(LASK-Vasteras)"]
[Site "?"]
[Date "2010.10.10"]
[Round "3"]
[White "Olsson, Linus"]
[Black "Backman, Andreas"]
[Result "1-0"]
[WhiteElo "2317"]
[BlackElo "2152"]
[PlyCount "77"]

1. d4 Nf6 2. c4 e6 3. g3 c5 4. d5 exd5 5. cxd5 d6 6. Nc3 g6 7. Bg2 Bg7 8. Nf3
O-O 9. O-O Re8 10. Nd2 Nbd7 11. h3 Nb6 12. e4 a6 13. f4 Bd7 14. a4 Rb8 15. g4
h5 16. e5 dxe5 17. f5 hxg4 18. hxg4 gxf5 19. gxf5 e4 20. Bxe4 Nc8 21. Bc2 Nd6
22. Qf3 c4 23. Kh1 Qb6 24. Qg2 Qd4 25. Nf3 Qg4 26. Qxg4 Nxg4 27. Bf4 Ne3 28.
Bxd6 Nxc2 29. Rad1 Rbd8 30. f6 Bf5 31. Be7 Rd7 32. Rg1 Rdxe7 33. Rxg7+ Kh8 34.
Rg5 Re5 35. Nxe5 Rxe5 36. Rdg1 Nd4 37. Rg8+ Kh7 38. R1g7+ Kh6 39. Rh8+ 1-0

[Event "Elit(Solna-Eksjo)"]
[Site "?"]
[Date "2010.10.10"]
[Round "3"]
[White "Gdanski, Jacek"]
[Black "Jonsson, Mikael"]
[Result "1/2-1/2"]
[WhiteElo "2580"]
[BlackElo "2344"]
[PlyCount "55"]

1. e4 e5 2. Nf3 Nc6 3. Bb5 a6 4. Ba4 Nf6 5. O-O Be7 6. Re1 b5 7. Bb3 O-O 8. h3
Bb7 9. d3 d6 10. a3 Nd4 11. Nxd4 exd4 12. c3 dxc3 13. Nxc3 c5 14. Bf4 Re8 15.
a4 b4 16. Ne2 d5 17. e5 Nd7 18. d4 c4 19. Bc2 Nf8 20. Be3 Bc8 21. b3 Be6 22. a5
Qd7 23. bxc4 dxc4 24. Ba4 Qb7 25. Bxe8 Rxe8 26. Nf4 Rd8 27. Rb1 Bd5 28. Qa4
1/2-1/2